000 00199 a2200097 4500
020 _a9780590353427
041 _aeng
100 _aRowiing, j k
245 _aHarry potter and sorcerers stne
942 _cBK
999 _c3299
_d3299